[Event "DVM U12 2022"]
[Site "München GER"]
[Date "2022.12.29"]
[Round "6"]
[White "Pflugbeil, Julian"]
[Black "Rokhmanova, Vitalina"]
[Result "1-0"]
[Termination "normal"]
[Board "6.3"]
[WhiteElo "1214"]
[BlackElo "1312"]
[WhiteClock "01:07:22"]
[BlackClock "00:07:36"]
[WhiteTeam "SK Bad Homburg 1927"]
[BlackTeam "SV Dresden-Striesen 1990"]
[PlyCount "75"]
[WhiteFideId "34608850"]
[BlackFideId "34640533"]
[EventCountry "GER"]
[EventRounds "7"]
[EventType "team-swiss"]
[EventDate "2022.12.26"]

1. e4 {[%clk 01:30:58]} {[%emt 00:00:02]} e5 {[%clk 01:30:57]} {[%emt
00:00:04]} 2. Nf3 {[%clk 01:31:25]} {[%emt 00:00:03]} Nc6 {[%clk 01:31:21]}
{[%emt 00:00:06]} 3. d4 {[%clk 01:31:52]} {[%emt 00:00:03]} d6 {[%clk
01:31:26]} {[%emt 00:00:24]} 4. Bc4 {[%clk 01:32:16]} {[%emt 00:00:06]} h6
{[%clk 01:31:06]} {[%emt 00:00:50]} 5. O-O {[%clk 01:32:36]} {[%emt 00:00:10]}
Bg4 {[%clk 01:31:08]} {[%emt 00:00:27]} 6. Nc3 {[%clk 01:31:35]} {[%emt
00:01:31]} Nf6 {[%clk 01:28:48]} {[%emt 00:02:51]} 7. dxe5 {[%clk 01:31:29]}
{[%emt 00:00:37]} dxe5 {[%clk 01:25:08]} {[%emt 00:04:08]} 8. Be2 {[%clk
01:31:08]} {[%emt 00:00:51]} Bb4 {[%clk 01:22:58]} {[%emt 00:02:38]} 9. Be3
{[%clk 01:30:27]} {[%emt 00:01:13]} Bxc3 {[%clk 01:21:55]} {[%emt 00:01:33]}
10. bxc3 {[%clk 01:30:46]} {[%emt 00:00:12]} Nxe4 {[%clk 01:22:05]} {[%emt
00:00:19]} 11. Qe1 {[%clk 01:29:58]} {[%emt 00:01:18]} Qe7 {[%clk 01:16:25]}
{[%emt 00:06:10]} 12. h3 {[%clk 01:29:53]} {[%emt 00:00:35]} Bh5 {[%clk
01:15:36]} {[%emt 00:01:19]} 13. Rb1 {[%clk 01:29:24]} {[%emt 00:00:59]} Rb8
{[%clk 01:14:05]} {[%emt 00:01:59]} 14. Bb5 {[%clk 01:28:51]} {[%emt 00:01:06]}
O-O {[%clk 01:13:12]} {[%emt 00:01:23]} 15. Bxa7 {[%clk 01:28:39]} {[%emt
00:00:42]} Nxa7 {[%clk 01:10:18]} {[%emt 00:03:24]} 16. Qxe4 {[%clk 01:28:45]}
{[%emt 00:00:24]} Bxf3 {[%clk 01:05:37]} {[%emt 00:05:10]} 17. Qxf3 {[%clk
01:29:06]} {[%emt 00:00:09]} Nxb5 {[%clk 01:05:04]} {[%emt 00:01:03]} 18. Rxb5
{[%clk 01:28:30]} {[%emt 00:01:07]} b6 {[%clk 01:00:17]} {[%emt 00:05:16]} 19.
Re1 {[%clk 01:27:00]} {[%emt 00:01:37]} f6 {[%clk 00:58:49]} {[%emt 00:02:21]}
20. Rb4 {[%clk 01:25:12]} {[%emt 00:02:08]} Rfd8 {[%clk 00:49:54]} {[%emt
00:09:33]} 21. Qe3 {[%clk 01:24:22]} {[%emt 00:01:23]} Qd6 {[%clk 00:38:46]}
{[%emt 00:11:38]} 22. Rg4 {[%clk 01:19:33]} {[%emt 00:05:18]} f5 {[%clk
00:28:45]} {[%emt 00:10:30]} 23. Rc4 {[%clk 01:17:50]} {[%emt 00:02:06]} e4
{[%clk 00:23:03]} {[%emt 00:06:21]} 24. f3 {[%clk 01:13:27]} {[%emt 00:04:53]}
exf3 {[%clk 00:17:17]} {[%emt 00:06:16]} 25. Qxf3 {[%clk 01:12:54]} {[%emt
00:01:03]} Qd7 {[%clk 00:15:35]} {[%emt 00:02:13]} 26. Rf1 {[%clk 01:11:38]}
{[%emt 00:01:46]} Rf8 {[%clk 00:14:36]} {[%emt 00:01:26]} 27. Rf4 {[%clk
01:11:06]} {[%emt 00:01:02]} g6 {[%clk 00:13:53]} {[%emt 00:01:15]} 28. g4
{[%clk 01:10:51]} {[%emt 00:00:46]} Qg7 {[%clk 00:09:04]} {[%emt 00:05:17]} 29.
gxf5 {[%clk 01:10:34]} {[%emt 00:00:48]} gxf5 {[%clk 00:08:53]} {[%emt
00:00:41]} 30. Kh2 {[%clk 01:10:52]} {[%emt 00:00:13]} Kh8 {[%clk 00:07:34]}
{[%emt 00:01:45]} 31. Rg1 {[%clk 01:10:24]} {[%emt 00:01:01]} Qe5 {[%clk
00:07:44]} {[%emt 00:00:19]} 32. Kh1 {[%clk 01:09:14]} {[%emt 00:01:41]} Rf7
{[%clk 00:07:17]} {[%emt 00:00:56]} 33. Qg3 {[%clk 01:06:30]} {[%emt 00:03:09]}
Qd5 {[%clk 00:07:14]} {[%emt 00:00:38]} 34. Kh2 {[%clk 01:06:53]} {[%emt
00:00:08]} Qd2 {[%clk 00:07:23]} {[%emt 00:00:20]} 35. Rg2 {[%clk 01:07:15]}
{[%emt 00:00:09]} Qd7 {[%clk 00:07:36]} {[%emt 00:00:16]} 36. Qg6 {[%clk
01:07:27]} {[%emt 00:00:18]} Rbf8 {[%clk 00:07:12]} {[%emt 00:00:54]} 37. Qxh6
{[%clk 01:07:22]} {[%emt 00:00:36]} Rh7 {[%clk 00:07:36]} {[%emt 00:00:05]} 38.
Qxf8# {[%emt 00:00:06]} 1-0

[Event "DVM U12 2022"]
[Site "München GER"]
[Date "2022.12.29"]
[Round "6"]
[White "Reichel, Emilio"]
[Black "Li, Xiao Teng"]
[Result "0-1"]
[Termination "normal"]
[Board "6.4"]
[WhiteElo "1037"]
[BlackElo "1293"]
[WhiteClock "01:15:23"]
[BlackClock "01:31:23"]
[WhiteTeam "SV Dresden-Striesen 1990"]
[BlackTeam "SK Bad Homburg 1927"]
[PlyCount "44"]
[WhiteFideId "34640517"]
[BlackFideId "34611053"]
[EventCountry "GER"]
[EventRounds "7"]
[EventType "team-swiss"]
[EventDate "2022.12.26"]

1. e4 {[%clk 01:30:57]} {[%emt 00:00:02]} e5 {[%clk 01:30:56]} {[%emt
00:00:05]} 2. Nf3 {[%clk 01:31:24]} {[%emt 00:00:03]} Nc6 {[%clk 01:31:22]}
{[%emt 00:00:04]} 3. Bc4 {[%clk 01:31:50]} {[%emt 00:00:05]} Bc5 {[%clk
01:31:46]} {[%emt 00:00:06]} 4. c3 {[%clk 01:32:15]} {[%emt 00:00:05]} Nf6
{[%clk 01:32:11]} {[%emt 00:00:04]} 5. d4 {[%clk 01:32:39]} {[%emt 00:00:05]}
exd4 {[%clk 01:32:33]} {[%emt 00:00:08]} 6. cxd4 {[%clk 01:33:04]} {[%emt
00:00:05]} Bb4 {[%clk 01:32:52]} {[%emt 00:00:12]} 7. Bd2 {[%clk 01:33:15]}
{[%emt 00:00:19]} Bxd2 {[%clk 01:32:11]} {[%emt 00:01:12]} 8. Nbxd2 {[%clk
01:33:38]} {[%emt 00:00:07]} d5 {[%clk 01:31:54]} {[%emt 00:00:48]} 9. exd5
{[%clk 01:33:26]} {[%emt 00:00:41]} Nxd5 {[%clk 01:32:19]} {[%emt 00:00:05]}
10. O-O {[%clk 01:33:47]} {[%emt 00:00:09]} O-O {[%clk 01:32:43]} {[%emt
00:00:06]} 11. Rc1 {[%clk 01:34:01]} {[%emt 00:00:16]} Bg4 {[%clk 01:32:40]}
{[%emt 00:00:32]} 12. Qb3 {[%clk 01:33:23]} {[%emt 00:01:08]} Nb6 {[%clk
01:32:16]} {[%emt 00:00:55]} 13. Bb5 {[%clk 01:29:50]} {[%emt 00:04:04]} Nxd4
{[%clk 01:30:26]} {[%emt 00:02:20]} 14. Nxd4 {[%clk 01:29:10]} {[%emt
00:01:10]} Qxd4 {[%clk 01:30:50]} {[%emt 00:00:06]} 15. Rxc7 {[%clk 01:29:10]}
{[%emt 00:00:30]} Qxd2 {[%clk 01:30:47]} {[%emt 00:00:33]} 16. h3 {[%clk
01:28:45]} {[%emt 00:00:53]} Be6 {[%clk 01:30:39]} {[%emt 00:00:40]} 17. Qf3
{[%clk 01:26:34]} {[%emt 00:02:33]} Qd5 {[%clk 01:30:47]} {[%emt 00:00:29]} 18.
Be2 {[%clk 01:25:27]} {[%emt 00:01:38]} Qxa2 {[%clk 01:30:53]} {[%emt
00:00:24]} 19. Rxb7 {[%clk 01:22:29]} {[%emt 00:03:26]} Bd5 {[%clk 01:31:10]}
{[%emt 00:00:15]} 20. Qf5 {[%clk 01:20:36]} {[%emt 00:02:23]} Bxb7 {[%clk
01:31:12]} {[%emt 00:00:29]} 21. Rd1 {[%clk 01:18:15]} {[%emt 00:02:50]} Qe6
{[%emt 00:02:17]} 22. Qd3 {[%clk 01:15:23]} {[%emt 00:01:25]} Qg6 {[%clk
01:31:23]} {[%emt 00:00:29]} 0-1

[Event "DVM U12 2022"]
[Site "München GER"]
[Date "2022.12.29"]
[Round "6"]
[White "Roos Nazario, Valentin"]
[Black "Allen, Phillipp"]
[Result "1/2-1/2"]
[Termination "normal"]
[Board "7.1"]
[WhiteElo "1196"]
[BlackElo "1588"]
[WhiteClock "00:48:19"]
[BlackClock "00:07:14"]
[WhiteTeam "TTC Grün-Weiß Fritzdorf 1958"]
[BlackTeam "SV Erkenschwick 1923"]
[PlyCount "116"]
[WhiteFideId "16295722"]
[BlackFideId "16272846"]
[EventCountry "GER"]
[EventRounds "7"]
[EventType "team-swiss"]
[EventDate "2022.12.26"]

1. e4 {[%clk 01:30:57]} {[%emt 00:00:02]} e5 {[%clk 01:30:52]} {[%emt
00:00:09]} 2. Nf3 {[%clk 01:31:20]} {[%emt 00:00:06]} Nf6 {[%clk 01:31:16]}
{[%emt 00:00:06]} 3. Nxe5 {[%clk 01:31:28]} {[%emt 00:00:22]} d6 {[%clk
01:31:42]} {[%emt 00:00:04]} 4. Nf3 {[%clk 01:31:50]} {[%emt 00:00:09]} Nxe4
{[%clk 01:32:07]} {[%emt 00:00:04]} 5. Nc3 {[%clk 01:32:14]} {[%emt 00:00:06]}
d5 {[%clk 01:31:47]} {[%emt 00:00:50]} 6. Bd3 {[%clk 01:30:19]} {[%emt
00:02:25]} Nc5 {[%clk 01:27:54]} {[%emt 00:04:23]} 7. Bb5 {[%clk 01:25:46]}
{[%emt 00:05:03]} c6 {[%clk 01:27:04]} {[%emt 00:01:20]} 8. d4 {[%clk
01:22:42]} {[%emt 00:03:34]} Ne4 {[%clk 01:25:39]} {[%emt 00:01:55]} 9. Bd3
{[%clk 01:22:46]} {[%emt 00:00:26]} Bb4 {[%clk 01:20:52]} {[%emt 00:05:17]} 10.
Bxe4 {[%clk 01:21:11]} {[%emt 00:02:04]} dxe4 {[%clk 01:21:14]} {[%emt
00:00:09]} 11. Qe2 {[%clk 01:21:10]} {[%emt 00:00:30]} O-O {[%clk 01:20:12]}
{[%emt 00:01:33]} 12. Nd2 {[%clk 01:18:35]} {[%emt 00:03:05]} Qxd4 {[%clk
01:14:27]} {[%emt 00:06:15]} 13. Qxe4 {[%clk 01:17:45]} {[%emt 00:01:21]} c5
{[%clk 01:05:30]} {[%emt 00:09:26]} 14. Qxd4 {[%clk 01:17:21]} {[%emt
00:00:55]} cxd4 {[%clk 01:05:32]} {[%emt 00:00:29]} 15. Nd5 {[%clk 01:15:48]}
{[%emt 00:02:02]} Nc6 {[%clk 00:55:04]} {[%emt 00:10:58]} 16. O-O {[%clk
01:15:16]} {[%emt 00:01:02]} Be6 {[%clk 00:52:39]} {[%emt 00:02:55]} 17. Nf4
{[%clk 01:13:31]} {[%emt 00:02:15]} Bf5 {[%clk 00:51:15]} {[%emt 00:01:54]} 18.
Nd3 {[%clk 01:10:30]} {[%emt 00:03:30]} Bd6 {[%clk 00:49:58]} {[%emt 00:01:47]}
19. Nc4 {[%clk 01:09:22]} {[%emt 00:01:38]} Bc7 {[%clk 00:45:48]} {[%emt
00:04:40]} 20. b3 {[%clk 01:05:57]} {[%emt 00:03:54]} Bxd3 {[%clk 00:45:27]}
{[%emt 00:00:51]} 21. cxd3 {[%clk 01:06:21]} {[%emt 00:00:06]} b5 {[%clk
00:41:57]} {[%emt 00:04:00]} 22. Na3 {[%clk 01:06:09]} {[%emt 00:00:42]} a6
{[%clk 00:42:19]} {[%emt 00:00:08]} 23. Bb2 {[%clk 01:05:56]} {[%emt 00:00:43]}
Bb6 {[%clk 00:31:06]} {[%emt 00:11:43]} 24. Nc2 {[%clk 01:04:31]} {[%emt
00:01:55]} Rad8 {[%clk 00:30:18]} {[%emt 00:01:18]} 25. Rfe1 {[%clk 01:03:59]}
{[%emt 00:01:01]} Rfe8 {[%clk 00:29:12]} {[%emt 00:01:37]} 26. f4 {[%clk
01:03:19]} {[%emt 00:01:10]} f6 {[%clk 00:29:01]} {[%emt 00:00:41]} 27. Kf2
{[%clk 01:03:23]} {[%emt 00:00:25]} Kf7 {[%clk 00:29:00]} {[%emt 00:00:32]} 28.
a4 {[%clk 01:03:04]} {[%emt 00:00:49]} Rxe1 {[%clk 00:28:42]} {[%emt 00:00:48]}
29. Rxe1 {[%clk 01:01:01]} {[%emt 00:02:33]} Ba5 {[%clk 00:28:09]} {[%emt
00:01:04]} 30. Re2 {[%clk 00:56:05]} {[%emt 00:05:25]} Bc3 {[%clk 00:27:55]}
{[%emt 00:00:44]} 31. Ba3 {[%clk 00:56:16]} {[%emt 00:00:19]} bxa4 {[%clk
00:26:21]} {[%emt 00:02:05]} 32. bxa4 {[%clk 00:56:23]} {[%emt 00:00:23]} a5
{[%clk 00:26:35]} {[%emt 00:00:16]} 33. Bc5 {[%clk 00:55:35]} {[%emt 00:01:16]}
Re8 {[%clk 00:26:17]} {[%emt 00:00:48]} 34. Rxe8 {[%clk 00:54:52]} {[%emt
00:01:14]} Kxe8 {[%clk 00:26:35]} {[%emt 00:00:12]} 35. Kf3 {[%clk 00:54:42]}
{[%emt 00:00:39]} Nb4 {[%clk 00:25:17]} {[%emt 00:01:47]} 36. Bxd4 {[%clk
00:54:16]} {[%emt 00:00:57]} Bxd4 {[%clk 00:24:23]} {[%emt 00:01:24]} 37. Nxd4
{[%clk 00:54:25]} {[%emt 00:00:21]} Nxd3 {[%clk 00:24:48]} {[%emt 00:00:05]}
38. Nc6 {[%clk 00:54:37]} {[%emt 00:00:17]} Nc5 {[%clk 00:25:07]} {[%emt
00:00:11]} 39. Nxa5 {[%clk 00:54:59]} {[%emt 00:00:08]} Nxa4 {[%clk 00:25:13]}
{[%emt 00:00:25]} 40. g4 {[%clk 00:54:50]} {[%emt 00:00:39]} Nc5 {[%clk
00:24:53]} {[%emt 00:00:50]} 41. h4 {[%clk 00:54:56]} {[%emt 00:00:23]} Kd7
{[%clk 00:22:11]} {[%emt 00:03:12]} 42. g5 {[%clk 00:54:53]} {[%emt 00:00:33]}
Ke6 {[%clk 00:21:48]} {[%emt 00:00:53]} 43. Kg4 {[%clk 00:54:58]} {[%emt
00:00:24]} f5 {[%clk 00:22:02]} {[%emt 00:00:18]} 44. Kg3 {[%clk 00:55:03]}
{[%emt 00:00:25]} Kd5 {[%clk 00:21:57]} {[%emt 00:00:35]} 45. Kf3 {[%clk
00:55:05]} {[%emt 00:00:27]} Nd3 {[%clk 00:19:20]} {[%emt 00:03:08]} 46. Nb3
{[%clk 00:54:33]} {[%emt 00:00:59]} Nc5 {[%clk 00:16:31]} {[%emt 00:03:21]} 47.
Nd2 {[%clk 00:54:13]} {[%emt 00:00:49]} Kd4 {[%clk 00:16:32]} {[%emt 00:00:30]}
48. Nf1 {[%clk 00:54:22]} {[%emt 00:00:19]} Nb3 {[%clk 00:15:42]} {[%emt
00:01:23]} 49. Ng3 {[%clk 00:54:18]} {[%emt 00:00:32]} g6 {[%clk 00:16:04]}
{[%emt 00:00:09]} 50. h5 {[%clk 00:53:48]} {[%emt 00:01:00]} Nd2 {[%clk
00:15:57]} {[%emt 00:00:38]} 51. Ke2 {[%clk 00:46:58]} {[%emt 00:07:19]} Ne4
{[%clk 00:15:06]} {[%emt 00:01:21]} 52. Nf1 {[%clk 00:47:16]} {[%emt 00:00:12]}
gxh5 {[%clk 00:14:31]} {[%emt 00:01:05]} 53. Ne3 {[%clk 00:47:33]} {[%emt
00:00:14]} Nd6 {[%clk 00:08:21]} {[%emt 00:06:39]} 54. Kf3 {[%clk 00:47:16]}
{[%emt 00:00:47]} h4 {[%clk 00:07:24]} {[%emt 00:01:27]} 55. Ng2 {[%clk
00:47:26]} {[%emt 00:00:21]} h3 {[%clk 00:07:34]} {[%emt 00:00:20]} 56. Nh4
{[%clk 00:47:51]} {[%emt 00:00:04]} h2 {[%clk 00:07:51]} {[%emt 00:00:13]} 57.
Kg2 {[%clk 00:48:17]} {[%emt 00:00:04]} Ke4 {[%clk 00:07:32]} {[%emt 00:00:50]}
58. g6 {[%clk 00:48:19]} {[%emt 00:00:27]} hxg6 {[%clk 00:07:14]} {[%emt
00:00:48]} 1/2-1/2

[Event "DVM U12 2022"]
[Site "München GER"]
[Date "2022.12.29"]
[Round "6"]
[White "Schwitkowski, Luka"]
[Black "Geschke, David"]
[Result "1/2-1/2"]
[Termination "normal"]
[Board "7.2"]
[WhiteElo "1539"]
[BlackElo "1418"]
[WhiteClock "00:55:35"]
[BlackClock "00:27:18"]
[WhiteTeam "SV Erkenschwick 1923"]
[BlackTeam "TTC Grün-Weiß Fritzdorf 1958"]
[PlyCount "52"]
[WhiteFideId "34610669"]
[BlackFideId "34619658"]
[EventCountry "GER"]
[EventRounds "7"]
[EventType "team-swiss"]
[EventDate "2022.12.26"]

1. e4 {[%clk 01:30:53]} {[%emt 00:00:06]} e5 {[%clk 01:30:22]} {[%emt
00:00:38]} 2. Nf3 {[%clk 01:30:54]} {[%emt 00:00:29]} Nc6 {[%clk 01:30:38]}
{[%emt 00:00:14]} 3. Bb5 {[%clk 01:31:18]} {[%emt 00:00:06]} a6 {[%clk
01:29:46]} {[%emt 00:01:22]} 4. Ba4 {[%clk 01:31:42]} {[%emt 00:00:05]} Nf6
{[%clk 01:29:44]} {[%emt 00:00:32]} 5. O-O {[%clk 01:32:04]} {[%emt 00:00:09]}
Bc5 {[%clk 01:28:01]} {[%emt 00:02:13]} 6. c3 {[%clk 01:32:26]} {[%emt
00:00:08]} b5 {[%clk 01:24:35]} {[%emt 00:03:55]} 7. Bb3 {[%clk 01:32:09]}
{[%emt 00:00:47]} d6 {[%clk 01:17:34]} {[%emt 00:07:31]} 8. h3 {[%clk
01:31:34]} {[%emt 00:01:06]} O-O {[%clk 01:17:19]} {[%emt 00:00:44]} 9. d4
{[%clk 01:31:48]} {[%emt 00:00:16]} exd4 {[%clk 01:17:04]} {[%emt 00:00:46]}
10. cxd4 {[%clk 01:32:05]} {[%emt 00:00:13]} Bb6 {[%clk 01:16:54]} {[%emt
00:00:39]} 11. Re1 {[%clk 01:32:21]} {[%emt 00:00:16]} Na5 {[%clk 01:15:44]}
{[%emt 00:01:39]} 12. Bc2 {[%clk 01:31:40]} {[%emt 00:01:10]} Bb7 {[%clk
01:15:21]} {[%emt 00:00:52]} 13. b3 {[%clk 01:28:17]} {[%emt 00:03:53]} Nc6
{[%clk 01:12:07]} {[%emt 00:03:44]} 14. Bb2 {[%clk 01:28:25]} {[%emt 00:00:22]}
Re8 {[%clk 01:10:44]} {[%emt 00:01:52]} 15. Nbd2 {[%clk 01:25:57]} {[%emt
00:03:00]} Ba5 {[%clk 00:59:08]} {[%emt 00:12:05]} 16. a3 {[%clk 01:22:29]}
{[%emt 00:03:59]} h6 {[%clk 00:52:27]} {[%emt 00:07:11]} 17. b4 {[%clk
01:19:39]} {[%emt 00:03:19]} Bb6 {[%clk 00:52:09]} {[%emt 00:00:49]} 18. Nf1
{[%clk 01:18:54]} {[%emt 00:01:14]} Qd7 {[%clk 00:39:23]} {[%emt 00:13:16]} 19.
Ng3 {[%clk 01:15:56]} {[%emt 00:03:28]} a5 {[%clk 00:36:58]} {[%emt 00:02:56]}
20. d5 {[%clk 01:09:36]} {[%emt 00:06:50]} Ne5 {[%clk 00:36:18]} {[%emt
00:01:10]} 21. Bxe5 {[%clk 01:08:58]} {[%emt 00:01:07]} dxe5 {[%clk 00:36:34]}
{[%emt 00:00:14]} 22. Bb3 {[%clk 01:08:27]} {[%emt 00:01:01]} Rad8 {[%clk
00:33:04]} {[%emt 00:04:00]} 23. Qc2 {[%clk 01:08:06]} {[%emt 00:00:51]} c6
{[%clk 00:30:53]} {[%emt 00:02:42]} 24. dxc6 {[%clk 01:05:50]} {[%emt
00:02:46]} Qxc6 {[%clk 00:27:55]} {[%emt 00:03:29]} 25. Qa2 {[%clk 00:56:00]}
{[%emt 00:10:20]} Qc7 {[%clk 00:27:18]} {[%emt 00:01:05]} 26. Rac1 {[%clk
00:55:35]} {[%emt 00:00:56]} Qe7 {[%emt 00:03:59]} 1/2-1/2

[Event "DVM U12 2022"]
[Site "München GER"]
[Date "2022.12.29"]
[Round "6"]
[White "Geschke, Jonathan"]
[Black "Al Marawi, Yousef"]
[Result "0-1"]
[Termination "normal"]
[Board "7.3"]
[WhiteElo "1151"]
[BlackElo "1545"]
[WhiteClock "00:46:15"]
[BlackClock "00:25:05"]
[WhiteTeam "TTC Grün-Weiß Fritzdorf 1958"]
[BlackTeam "SV Erkenschwick 1923"]
[PlyCount "84"]
[WhiteFideId "34636129"]
[BlackFideId "34607420"]
[EventCountry "GER"]
[EventRounds "7"]
[EventType "team-swiss"]
[EventDate "2022.12.26"]

1. e4 {[%clk 01:30:57]} {[%emt 00:00:03]} e6 {[%clk 01:30:52]} {[%emt
00:00:09]} 2. d4 {[%clk 01:30:30]} {[%emt 00:00:56]} d5 {[%clk 01:31:19]}
{[%emt 00:00:04]} 3. exd5 {[%clk 01:29:48]} {[%emt 00:01:11]} exd5 {[%clk
01:31:41]} {[%emt 00:00:08]} 4. Nf3 {[%clk 01:29:56]} {[%emt 00:00:22]} Nf6
{[%clk 01:31:51]} {[%emt 00:00:20]} 5. Bg5 {[%clk 01:29:50]} {[%emt 00:00:36]}
Bd6 {[%clk 01:31:53]} {[%emt 00:00:28]} 6. Be2 {[%clk 01:29:40]} {[%emt
00:00:40]} O-O {[%clk 01:31:19]} {[%emt 00:01:04]} 7. O-O {[%clk 01:29:10]}
{[%emt 00:01:00]} Bg4 {[%clk 01:30:38]} {[%emt 00:01:11]} 8. Nc3 {[%clk
01:29:17]} {[%emt 00:00:24]} c6 {[%clk 01:31:01]} {[%emt 00:00:07]} 9. h3
{[%clk 01:29:05]} {[%emt 00:00:41]} Bh5 {[%clk 01:27:04]} {[%emt 00:04:27]} 10.
Re1 {[%clk 01:27:33]} {[%emt 00:02:02]} Nbd7 {[%clk 01:23:05]} {[%emt
00:04:29]} 11. Qd3 {[%clk 01:25:40]} {[%emt 00:02:20]} Qc7 {[%clk 01:19:48]}
{[%emt 00:03:50]} 12. Rad1 {[%clk 01:24:46]} {[%emt 00:01:23]} h6 {[%clk
01:15:12]} {[%emt 00:05:06]} 13. Be3 {[%clk 01:22:39]} {[%emt 00:02:38]} Bg6
{[%clk 01:14:08]} {[%emt 00:01:34]} 14. Qd2 {[%clk 01:22:29]} {[%emt 00:00:40]}
Bb4 {[%clk 01:12:47]} {[%emt 00:01:50]} 15. a3 {[%clk 01:21:57]} {[%emt
00:01:02]} Ne4 {[%clk 01:11:53]} {[%emt 00:01:24]} 16. Bf4 {[%emt 00:24:32]}
Nxd2 {[%clk 00:51:13]} {[%emt 00:00:03]} 17. Bxc7 {[%clk 01:16:43]} {[%emt
00:02:49]} Nxf3 {[%clk 00:48:48]} {[%emt 00:02:54]} 18. Bxf3 {[%clk 01:16:00]}
{[%emt 00:01:13]} Bxc3 {[%clk 00:47:44]} {[%emt 00:01:36]} 19. bxc3 {[%clk
01:15:22]} {[%emt 00:01:07]} Bxc2 {[%clk 00:47:50]} {[%emt 00:00:24]} 20. Rd2
{[%clk 01:15:19]} {[%emt 00:00:25]} Bf5 {[%clk 00:47:14]} {[%emt 00:01:14]} 21.
Bd6 {[%clk 01:14:16]} {[%emt 00:01:33]} Rfe8 {[%clk 00:44:33]} {[%emt
00:03:10]} 22. Rde2 {[%clk 01:13:35]} {[%emt 00:01:11]} Re6 {[%clk 00:41:46]}
{[%emt 00:03:16]} 23. Bg4 {[%clk 01:07:35]} {[%emt 00:06:32]} Bxg4 {[%clk
00:41:07]} {[%emt 00:01:08]} 24. hxg4 {[%clk 01:07:35]} {[%emt 00:00:30]} Rae8
{[%clk 00:41:23]} {[%emt 00:00:14]} 25. Rxe6 {[%clk 01:06:57]} {[%emt
00:01:08]} Rxe6 {[%clk 00:41:02]} {[%emt 00:00:51]} 26. Rxe6 {[%clk 01:07:15]}
{[%emt 00:00:12]} fxe6 {[%clk 00:41:31]} {[%emt 00:00:02]} 27. f3 {[%clk
01:05:06]} {[%emt 00:02:38]} a6 {[%clk 00:37:42]} {[%emt 00:04:20]} 28. Kf2
{[%clk 01:01:49]} {[%emt 00:03:47]} Nb6 {[%clk 00:35:40]} {[%emt 00:02:31]} 29.
Ke2 {[%clk 00:58:37]} {[%emt 00:03:42]} Nc4 {[%clk 00:34:51]} {[%emt 00:01:20]}
30. Bb4 {[%clk 00:53:51]} {[%emt 00:05:16]} a5 {[%clk 00:33:30]} {[%emt
00:01:51]} 31. Bc5 {[%clk 00:51:19]} {[%emt 00:03:00]} b6 {[%clk 00:33:17]}
{[%emt 00:00:45]} 32. Be7 {[%clk 00:51:23]} {[%emt 00:00:23]} Kf7 {[%clk
00:31:53]} {[%emt 00:01:56]} 33. Bd8 {[%clk 00:50:28]} {[%emt 00:01:25]} Nxa3
{[%clk 00:25:59]} {[%emt 00:06:25]} 34. Bxb6 {[%clk 00:50:23]} {[%emt
00:00:34]} Nc4 {[%clk 00:26:19]} {[%emt 00:00:11]} 35. Bc7 {[%clk 00:48:23]}
{[%emt 00:02:30]} a4 {[%clk 00:26:08]} {[%emt 00:00:41]} 36. Kd3 {[%clk
00:48:04]} {[%emt 00:00:43]} a3 {[%emt 00:00:51]} 37. Be5 {[%clk 00:46:26]}
{[%emt 00:02:07]} a2 {[%clk 00:25:12]} {[%emt 00:01:12]} 38. Bg3 {[%clk
00:46:39]} {[%emt 00:00:16]} a1=Q {[%clk 00:25:21]} {[%emt 00:00:22]} 39. Ke2
{[%clk 00:46:40]} {[%emt 00:00:28]} Qb2 {[%clk 00:25:39]} {[%emt 00:00:11]} 40.
Kf1 {[%clk 00:46:11]} {[%emt 00:01:01]} Qc1 {[%clk 00:25:51]} {[%emt 00:00:17]}
41. Kf2 {[%clk 00:46:18]} {[%emt 00:00:22]} Qe3 {[%clk 00:26:09]} {[%emt
00:00:13]} 42. Kf1 {[%clk 00:46:15]} {[%emt 00:00:30]} Nd2# {[%clk 00:25:05]}
{[%emt 00:01:36]} 0-1